Normal view MARC view

Entry Personal Name

Number of records used in: 1

001 - CONTROL NUMBER

  • control field: 1217594

003 - CONTROL NUMBER IDENTIFIER

  • control field: OSt

005 - DATE AND TIME OF LATEST TRANSACTION

  • control field: 20260324143953.0

008 - FIXED-LENGTH DATA ELEMENTS

  • fixed length control field: 260324|| aca||aabn | a|a d

040 ## - CATALOGING SOURCE

  • Original cataloging agency: OSt
  • Transcribing agency: OSt

100 ## - HEADING--PERSONAL NAME

  • Personal name: Henk Lingeman; Willy J. M. Underberg

670 ## - SOURCE DATA FOUND

  • Source citation: Work cat.: (OSt)1823648: Henk Lingeman; Willy J. M. Underberg, Detection-Oriented Derivatization Techniques in Liquid Chromatography
Copyright @ Delhi University Library System